LEADER 01267cam0-22003971i-450- 001 990004956960403321 005 20150410154744.0 012 $alos, t.s. g..* **** (3) 1816 (A) -$2fei$5IT-NA0105 035 $a000495696 035 $aFED01000495696 035 $a(Aleph)000495696FED01 035 $a000495696 100 $a19990604d1816----km-y0itay50------ba 101 0 $agrc$alat 102 $aDE 140 $aa-------------------bb0----- 200 1 $aIoannis Tzetzae Antehomerica homerica et posthomerica ex recensione Immanuelis Bekkeri. Accedunt excerpta ex Chrestomathia Procli 210 $aBerolini$cG.E. Reimeri$d1816 215 $aXIII, [3], 86 p.$d23 cm 500 10$aAntehomerica$938692 500 10$aHomerica$938693 500 10$aPosthomerica$938694 676 $a883.02$v22$zita 700 1$aTzetzes,$bJohn$f<12 saec.>$0395210 702 1$aBekker,$bImmanuel$f<1785-1871> 702 1$aProclus Atheniensis$f<410-ca.485> 719 00$aReimer,$gGeorg Andreas$4650 801 0$aIT$bUNINA$gRICA$2UNIMARC 901 $aAQ 912 $a990004956960403321 952 $aSG 880/B 119$bBibl. 33067$fFLFBC 959 $aFLFBC 996 $aPosthomerica$938694 996 $aHomerica$938693 996 $aAntehomerica$938692 997 $aUNINA LEADER 01508nam 2200409Ia 450 001 996397414803316 005 20221108081047.0 035 $a(CKB)4940000000055355 035 $a(EEBO)2240885531 035 $a(OCoLC)11243261 035 $a(EXLCZ)994940000000055355 100 $a19841009d1679 uy | 101 0 $aeng 135 $aurbn||||a|bb| 200 14$aThe mystery of Jesuitism$b[electronic resource] $ediscovered in certain letters written upon occasion of the present differences at Sorbonne between the Jansenists and the Molinists : displaying the pernicious maximes of the late Casuists : with additionals 205 $a[3rd. ed.] 210 $aLondon $cPrinted for Richard Royston ...$dMDCLXXIX [1679] 215 $a[21], 342, [4], 126, [3], 1 plate, 1 folded plate 300 $aTranslation of Pascal's Les provinciales. 300 $a"Additionals to The mystery of Jesuitism" has special t.p. and separate pagination. 300 $aIncludes index. 300 $aEdition statement from Wing. 300 $aReproduction of original in the University of Illinois (Urbana-Champaign Campus). Library. 330 $aeebo-0167 606 $aJansenists 607 $aPort Royal (France) 615 0$aJansenists. 700 $aPascal$b Blaise$f1623-1662.$028760 801 0$bEAE 801 1$bEAE 801 2$bEAA 801 2$bm/c 801 2$bWaOLN 906 $aBOOK 912 $a996397414803316 996 $aThe mystery of Jesuitism$91886258 997 $aUNISA LEADER 00962nam a2200265 i 4500 001 991001214659707536 005 20020502185216.0 008 000616s1999 it ||| | ita 020 $a884641313X 035 $ab1148018x-39ule_inst 035 $aPRUMB56903$9ExL 040 $aDip. SSSC$bita 100 1 $aDe Vita, Roberto$0119708 245 10$aIncertezza e identità /$cRoberto De Vita 260 $aMilano :$bFranco Angeli,$cc1999 300 $a206 p. ;$c22 cm 490 0 $aCollana dell'Istituto di sociologia dell'Università di Parma. Politica e società 650 4$aIndividuo e società$ySec. 20. 650 4$aMutamento sociale$ySec. 20. 907 $a.b1148018x$b01-03-17$c01-07-02 912 $a991001214659707536 945 $aLE021 DI9C17$g1$i2021000039447$lle021$o-$pE0.00$q-$rn$sm $t0$u1$v0$w1$x0$y.i11670812$z01-07-02 996 $aIncertezza e identità$9672435 997 $aUNISALENTO 998 $ale021$b01-01-00$cm$da $e-$fita$git $h0$i1